Almas Mortas / (Record no. 341)

MARC details
000 -LÍDER
campo de controle de tamanho fixo 01747nam a22003137a 4500
001 - NÚMERO DE CONTROLE
campo de controle 341
003 - IDENTIFICADOR DO NÚMERO DE CONTROLE
campo de controle OSt
005 - DATA E HORÁRIO DA ÚLTIMA TRANSAÇÃO
campo de controle 20250528074018.0
008 - CAMPO DE DADOS FIXOS--INFORMAÇÃO GERAL
campo de controle de tamanho fixo 250328b |||||||e |||| 00| f eng d
040 ## - FONTE DA CATALOGAÇÃO
Idioma da catalogação por
041 ## - CÓDIGO DE IDIOMA
Código do idioma do original e/ou traduções intermediárias do texto rus
Código do idioma do texto/trilha sonora ou título diferente por
082 ## - CDD - CLASSIFICAÇÃO DECIMAL DE DEWEY
Número de Classificação 891.73
Número do exemplar G613a
100 1# - ENTRADA PRINCIPAL--NOME PESSOAL
Nome pessoal Gogol, Nikolai Vassilievitch,
Datas associadas ao nome 1809-1852.
9 (RLIN) 708
240 ## - TÍTULO UNIFORME
Título uniforme Dead Souls
245 ## - TÍTULO
Título Almas Mortas /
Indicação de responsabilidade, etc. Gogol, Nikolai Vassilievitch ; Tradução de Tatiana Belinky
260 ## - PUBLICAÇÃO, DISTRIBUIÇÃO, ETC.
Local de publicação, distribuição, etc. São Paulo
Nome do editor, distribuidor, etc. Abril
Data da publicação, distribuição, etc. 1972
300 ## - DESCRIÇÃO FÍSICA
Extensão 449 p.
490 1# - TÍTULO DA SÉRIE
Título da série Os Imortais da Literatura Universal
Número do volume ou designação sequencial da série vol. 42
520 ## - NOTA DE RESUMO, ETC.
Resumo, etc. O romance narra, em grande parte, as viagens do conselheiro civil Pável Ivánovitch Tchítchicov através da Rússia, tentando enriquecer a qualquer custo.<br/><br/>Nem tudo corria bem para os proprietários rurais da Rússia, nos anos que se seguiram à invasão napoleônica de 1812. De tempos em tempos, o Estado russo fazia um recenseamento de sua população rural. Enquanto o novo censo não era realizado, os senhores rurais eram obrigados a pagar impostos pelo número total de servos, mesmo que eles tivessem morrido ou fugido. Tchítchicov procura os senhores rurais e lhes compra essas "almas mortas". Depois, de posse dos contratos, penhora-os, com lucro.<br/><br/>Introdutor do realismo na literatura russa, Gógol observa a realidade e revela os móveis mais profundos das ações humanas, ultrapassando as fronteiras do absurdo
650 #0 - ASSUNTO--TERMO TÓPICO
Cabeçalho tópico ou nome geográfico Literatura Russa
9 (RLIN) 195
650 #0 - ASSUNTO--TERMO TÓPICO
Cabeçalho tópico ou nome geográfico Viagens
9 (RLIN) 189
650 #0 - ASSUNTO--TERMO TÓPICO
Cabeçalho tópico ou nome geográfico Invasão Napoleônica
9 (RLIN) 709
650 #0 - ASSUNTO--TERMO TÓPICO
Cabeçalho tópico ou nome geográfico Clássicos
9 (RLIN) 77
655 #0 - TERMO DE ÍNDICE--GÊNERO E FORMA
Gênero/forma/ou termo foco Romance
655 #0 - TERMO DE ÍNDICE--GÊNERO E FORMA
Gênero/forma/ou termo foco Ficção
700 1# - ENTRADA ADICIONADA - NOME PESSOAL
Nome pessoal Belinky, Tatiana,
Datas associadas ao nome 1919-2013
Função do autor por extenso TRADUTORA
9 (RLIN) 710
830 ## - ENTRADA SECUNDÁRIA DE SÉRIE--TÍTULO UNIFORME
Título uniforme Os Imortais da Literatura Universal
9 (RLIN) 461
Número do volume ou designação sequencial da série vol. 42
942 ## - ELEMENTOS DE ENTRADA ADICIONADOS (KOHA)
Fonte de classificação ou esquema de arquivamento Classificação decimal de Dewey
Ocultar no OPAC Não
Tipo de material Koha Livros
Holdings
Situação do descarte Situação das perdas Fonte de classificação ou esquema de arquivamento Status danificado Não pode ser emprestado Coleção Biblioteca de origem Biblioteca atual Localização na estante Data de aquisição Fonte de aquisição Total de empréstimos Número de chamada completo Código de barras Data de último acesso Data do preço efetivo Tipo de material Koha
    Classificação decimal de Dewey     Ficção Biblioteca Professor Eduardo Afonso de Castro Biblioteca Professor Eduardo Afonso de Castro Literatura Estrangeira 28.03.2025 doação   891.73 / G613a 2025-17295 28.03.2025 28.03.2025 Livros

Powered by Koha